Представление документа в формате RUSMARC

ПолеНазваниеЗначение
  Тип записи a
  Библиографический уровень m
001 Контрольный номер RU/УГОНБ/EK/24341
005 Дата корректировки 20250520122134.1
010 Индекс ISBN __
a ISBN 5-270-01927-2
d Цена 10603 р.
9 Тираж 16000 экз.
b Уточнения в пер.
100 Данные общей обработки __
a Данные общей обработки 19960517d1995 u u0rusy0189 ca
101 Язык документа 0_
a Язык текста rus
105 Кодированные данные (монография) __
a Кодированные данные (монография) y z 000ay
200 Заглавие и сведения об ответственности 1_
a Заглавие Ремесло сатаны
e Сведения, относящиеся к заглавию роман в 3 ч.
f Первые сведения об ответственности Н. Н. Брешко-Брешковский
210 Выходные данные 1_
a Место издания Москва
c Издательство Современник
d Дата издания 1995
215 Физическое описание __
a Объем 384 с.
d Формат 21 см
225 Серия 1_
a Серия Старый уголовный роман
606 Тематические рубрики 0_
a Основная рубрика Детективные романы и рассказы (х. л.)
610 Ключевые слова 0_
a Ключевые слова детективы русские
686 Индексы других классификаций __
a Классификационный индекс 84Р1-46
2 Код системы rubbk
700 Автор _1
a Фамилия Брешко-Брешковский
b Имя (инициалы) Н.Н.
g Полное личное имя Николай Николаевич
801 Источник записи _0
a Страна RU
b Организация Ульяновская ОНБ
c Дата составления 19960517
g Правила каталогизации PSBO
801 Источник записи _1
a Страна RU
b Организация Ульяновская ОНБ
c Дата составления 20060707
901 Тип документа __
t Тип документа m
938 Служебная информация __
a Имя БД books
b Имя библиотеки УОНБ
c Имя АИБС МАРК-SQL
d Номер DOC_ID в БД 163591